<?xml version="1.0" encoding="UTF-8"?>
<record
    xmlns:xsi="http://www.w3.org/2001/XMLSchema-instance"
    xsi:schemaLocation="http://www.loc.gov/MARC21/slim http://www.loc.gov/standards/marcxml/schema/MARC21slim.xsd"
    xmlns="http://www.loc.gov/MARC21/slim">

  <leader>00700cam a22002171  4500</leader>
  <controlfield tag="001">he 67002334 </controlfield>
  <controlfield tag="003">DLC</controlfield>
  <controlfield tag="005">20260227111451.0</controlfield>
  <controlfield tag="008">880623s1683    gw            000 0 hebr </controlfield>
  <datafield tag="010" ind1=" " ind2=" ">
    <subfield code="a">he 67002334 </subfield>
  </datafield>
  <datafield tag="035" ind1=" " ind2=" ">
    <subfield code="a">(OCoLC)18126802</subfield>
  </datafield>
  <datafield tag="040" ind1=" " ind2=" ">
    <subfield code="a">DLC</subfield>
    <subfield code="c">CoDU</subfield>
    <subfield code="d">CoDU</subfield>
    <subfield code="d">DLC</subfield>
  </datafield>
  <datafield tag="042" ind1=" " ind2=" ">
    <subfield code="a">premarc</subfield>
  </datafield>
  <datafield tag="050" ind1="0" ind2="0">
    <subfield code="a">BM522.59</subfield>
    <subfield code="b">.A52</subfield>
  </datafield>
  <datafield tag="100" ind1="1" ind2=" ">
    <subfield code="a">Kaidanover, Aaron Samuel,</subfield>
    <subfield code="d">1614-1676.</subfield>
  </datafield>
  <datafield tag="240" ind1="1" ind2="0">
    <subfield code="a">Emunat Shemu&#x2BC;el</subfield>
  </datafield>
  <datafield tag="245" ind1="1" ind2="0">
    <subfield code="a">Sefer Emunat shemu&#x2BC;el ...</subfield>
    <subfield code="b">she&#x2BC;elot u-teshuvot leha-Ga&#x2BC;on Aharon Shemu&#x2BC;el &#x1E32;aidanover.</subfield>
    <subfield code="c">&#x1E7E;e-huva le-vet ha-defus &#x2BB;a.y. Tsevi &#x1E32;aidanover.</subfield>
  </datafield>
  <datafield tag="260" ind1=" " ind2=" ">
    <subfield code="a">&#x1E7E;ran&#x1E33;vur&#x1E6D; de-Main,</subfield>
    <subfield code="c">443 [1683]</subfield>
  </datafield>
  <datafield tag="300" ind1=" " ind2=" ">
    <subfield code="a">64 l.</subfield>
    <subfield code="c">20 cm.</subfield>
  </datafield>
  <datafield tag="650" ind1=" " ind2="0">
    <subfield code="a">Responsa</subfield>
    <subfield code="y">1600-1800.</subfield>
  </datafield>
  <datafield tag="999" ind1=" " ind2=" ">
    <subfield code="c">32777</subfield>
    <subfield code="d">32777</subfield>
  </datafield>
</record>
